| 000 | 00552nam a22002177a 4500 | ||
|---|---|---|---|
| 003 | OSt | ||
| 005 | 20260331160652.0 | ||
| 008 | 160211b xxu||||| |||| 00| 0 eng d | ||
| 020 | _a9780138134594 | ||
| 020 | _a0138134596 | ||
| 040 | _cDDC | ||
| 082 | _a003 TAN 2009 | ||
| 100 |
_aTanenbaum, Andrew S _96483 |
||
| 245 | _aModern Operating Systems | ||
| 250 | _a3rd.ed | ||
| 260 |
_aNew Jersey; _bPrentice Hall, _c2009 |
||
| 300 |
_axxvii,1071; _bill: _c25cm |
||
| 504 | _aincludes index | ||
| 650 |
_aOperating systems _927 |
||
| 942 |
_2ddc _cO_SHELF |
||
| 999 |
_c5141 _d5141 |
||